| 000 | 01352cac a22003491u 4500 | ||
|---|---|---|---|
| 999 |
_c8718 _d8718 |
||
| 003 | EG-ScBUE | ||
| 005 | 20201128013404.0 | ||
| 008 | 081204t2008 maua f 001 0 eng d | ||
| 020 | _a9780618777174 (hbk. : student text) | ||
| 020 | _a0618777172 | ||
| 040 |
_aEG-ScBUE _beng _erda _cEG-ScBUE _dEG-ScBUE |
||
| 082 | 0 | 4 |
_a657 _bNEE _222 |
| 100 | 1 |
_aNeedles, Belverd E, _cJr, _d1942- _eauthor. _910497 |
|
| 245 | 1 | 0 |
_aFinancial and managerial accounting / _cBelverd E. Needles, Jr., Ph.D., C.P.A., C.M.A., Depaul University, Marian Powers, Ph.D., Northwestern University, Susan V. Crosson, M.S. Accounting, C.P.A. Santa Fe Community College, Florida. |
| 250 | _aEighth edition. | ||
| 264 | 1 |
_aBoston ; _aNew York : _bHoughton Mifflin Company, _c[2008] |
|
| 264 | 4 | _cc 2008 | |
| 300 |
_axxx, 1378 pages : _billustrations ; _c29 cm |
||
| 336 |
_2rdacontent _atext _btxt |
||
| 337 |
_2rdamedia _aunmediated _bn |
||
| 338 |
_2rdacarrier _avolume _bnc |
||
| 500 | _aIncludes indexes. | ||
| 500 | _aIncludes appendix. | ||
| 650 | 7 |
_aAccounting. _2BUEsh |
|
| 650 | 7 |
_aManagerial accounting. _2BUEsh |
|
| 650 | 7 |
_aSole proprietorship _xAccounting. _2BUEsh _91458 |
|
| 653 |
_bMASBBAA _cDecember2019 |
||
| 655 |
_vReading book _934232 |
||
| 700 | 1 |
_aPowers, Marian, _eauthor. |
|
| 700 | 1 |
_aCrosson, Susan V, _eauthor. _910500 |
|
| 942 |
_cBB _k657NEE _2ddc |
||